000 00299nam a2200121Ia 4500
008 191201s2019 xx 000 0 und d
100 _aSALARIA, R.S.
245 0 _aComputer Oriented Numerical Methods
250 _a5th
260 _bKhanna Publisher
_aNEW DELHI
300 _a462
942 _2ddc
_cBK
_09
999 _c7817
_d7817